|
|
|
|
| LEADER |
00000cam a2200000Mi 4500 |
| 001 |
EBOOKCENTRAL_on1018463537 |
| 003 |
OCoLC |
| 005 |
20240329122006.0 |
| 006 |
m o d |
| 007 |
cr ||||||||||| |
| 008 |
180111nuuuuuuuuxx o 000 0 eng d |
| 040 |
|
|
|a YDX
|b eng
|c YDX
|d OCLCQ
|d EBLCP
|d REDDC
|d OCLCO
|d OCLCF
|d OCLCQ
|d OCLCO
|d OCLCL
|
| 020 |
|
|
|a 1683503619
|q (electronic bk.)
|
| 020 |
|
|
|a 9781683503613
|q (electronic bk.)
|
| 029 |
1 |
|
|a AU@
|b 000071377758
|
| 035 |
|
|
|a (OCoLC)1018463537
|
| 050 |
|
4 |
|a HQ777.5
|b .D695 2017
|
| 082 |
0 |
4 |
|a 306
|2 23
|
| 049 |
|
|
|a UAMI
|
| 100 |
1 |
|
|a DOYLE, MAUREEN.
|
| 245 |
1 |
0 |
|a WHEN YOUR EX DOESNT FOLLOW THE RULES :
|b keep your sanity and raise happy healthy kids.
|
| 260 |
|
|
|a [Place of publication not identified] :
|b MORGAN JAMES PUBLISHING.
|
| 300 |
|
|
|a 1 online resource
|
| 336 |
|
|
|a text
|b txt
|2 rdacontent
|
| 337 |
|
|
|a computer
|b c
|2 rdamedia
|
| 338 |
|
|
|a online resource
|b cr
|2 rdacarrier
|
| 590 |
|
|
|a ProQuest Ebook Central
|b Ebook Central Academic Complete
|
| 650 |
|
0 |
|a Children of divorced parents.
|
| 650 |
|
0 |
|a Divorced parents.
|
| 650 |
|
0 |
|a Parenting, Part-time.
|
| 650 |
|
6 |
|a Enfants de divorcés.
|
| 650 |
|
6 |
|a Parents divorcés.
|
| 650 |
|
6 |
|a Rôle parental partagé (Divorce)
|
| 650 |
|
7 |
|a Children of divorced parents
|2 fast
|
| 650 |
|
7 |
|a Divorced parents
|2 fast
|
| 650 |
|
7 |
|a Parenting, Part-time
|2 fast
|
| 758 |
|
|
|i has work:
|a When Your Ex Doesn't Follow the Rules (Text)
|1 https://id.oclc.org/worldcat/entity/E39PCYW8c3g9tGxfCVf4HxPWWC
|4 https://id.oclc.org/worldcat/ontology/hasWork
|
| 856 |
4 |
0 |
|u https://ebookcentral.uam.elogim.com/lib/uam-ebooks/detail.action?docID=6448718
|z Texto completo
|
| 938 |
|
|
|a ProQuest Ebook Central
|b EBLB
|n EBL6448718
|
| 938 |
|
|
|a YBP Library Services
|b YANK
|n 15082410
|
| 994 |
|
|
|a 92
|b IZTAP
|